Mechanical Engineering : SI 2008, 12th international conference, proceedings of papers, November 13.-14., 2008 /

Saved in:
Bibliographic Details
Main Author: Bieniek, A. (Author)
Format: Book
Language:English
Published: Bratislava : Faculty of Mechanical Engineering of Slovak Technical University, 2008
Edition:[1st ed.]
Subjects:
ISBN:9788022729826
Online Access: Get full text
Tags: Add Tag
No Tags, Be the first to tag this record!

MARC

LEADER 00000nam a2200000 4500
003 SK-BrCVT
005 20220617223700.0
008 100616s2008 xo e ||||||eng d
020 |a 9788022729826  |c 3,46 
035 |a CVTIDW0001085 
040 |b slo  |a CVTI SR  |e AACR2 
041 0 |a eng 
044 |a xo 
080 |a 621  |2 UDC-MRF 
080 |a 621:004.896  |2 UDC-MRF 
080 |a 620.1/.2  |2 UDC-MRF 
100 1 |a Bieniek, A.  |4 aut 
245 1 0 |a Mechanical Engineering :  |b SI 2008, 12th international conference, proceedings of papers, November 13.-14., 2008 /  |c authors: A. Bieniek ... [et al.]  |h [elektronický zdroj] 
250 |a [1st ed.] 
260 |a Bratislava :  |b Faculty of Mechanical Engineering of Slovak Technical University,  |c 2008 
300 |a 1 CD-ROM 
653 1 |a strojárstvo 
653 1 |a inteligentný materiál 
653 1 |a mechatronika 
653 1 |a aplikovaná mechanika 
653 1 |a tepelná únava 
653 1 |a spaľovací motor 
655 7 |a kompaktné disky (CD)  |2 SNKPH 
910 |b Z000570 
919 |a 978-80-227-2982-6 
974 |a katarina.repata  |f Knihy 
992 |a JDC 
992 |a AZN 
999 |c 155326  |d 155326